| 000 | 00755nam a2200205 a 4500 | ||
|---|---|---|---|
| 005 | 20250222063756.0 | ||
| 008 | 991125s1965 car 000 0 spa u | ||
| 035 | _aUPN01000046277 | ||
| 049 | _aCG | ||
| 050 | 4 |
_aLB2898 V4 _bS4.6 |
|
| 111 | 2 |
_aSeminario Nacional de Supervisión Educativa _n1o _d1964 _cVenezuela |
|
| 245 | 1 | 0 |
_aPrimer seminario nacional de supervisión educativa : _bconferencias, material de información, conclusiones y recomendaciones |
| 260 |
_aCaracas : _bOficina de Planeamiento Integral de la Educación, _c1965 |
||
| 300 | _a2 v. | ||
| 500 | _a"Noviembre-diciembre 1964. Barquisimeto" | ||
| 650 | 4 |
_aEscuelas _xDirección y organización _9346 |
|
| 650 | 4 |
_aSupervisión escolar _94835 |
|
| 904 |
_aAC _b046279 |
||
| 905 | _aLibro | ||
| 999 |
_c46277 _d46277 |
||